01088cam a2200277 i 4500952015600000999001700156001000800173003000900181005001700190008004100207010001700248020001200265040002800277050002000305082003100325100001900356245012200375260004000497300002500537490004700562504003200609600003800641810007400679906004500753942001200798 00102ddc40708NFICaASLbASLcGENd2021-01-18eDonated by Prof. Husniara Huql0o954.03/5/0924 RUPp104521r2021-01-18 00:00:00tC-1w2021-01-18yBK c21005d210052278668BDDh-ASL20231015025947.0790416s1977 ii b 000 0 eng  a 78904181  cRs40.00 aDLCcDLCdDLCdBDDh-ASL00aDS479.1.D8bR8400a954.03/5/0924a303.44bRUP1 aRule, Pauline.14aThe pursuit of progress :ba study of the intellectual development of Romesh Chunder Dutt, 1848-1888 /cPauline Rule. aCalcutta :bEditions Indian,c1977. axv, 170 p. ;c22 cm.1 aUniversity of Melbourne Indian studies ; 2 aBibliography: p. [160]-170.10aDutt, Romesh Chunder,d1848-1909.1 aMelbourne.bUniversity.tUniversity of Melbourne Indian studies ;v2. a7bcbccorignewd3encipf19gy-gencatlg 2ddccBK